00457nam a22001572 4500001001100000005001700011008004100028020001700069040001500086050001800101100003400119245004700153260004100200300001100241650004700252000000525620151217151958.0070611s xx 000 0 eng d a039701001X : aKABUcKABU 0aTL553.9b.R431 aRead, Piers Paul.@000015644310aAlive :bthe story of the Andes survivors. aNew York :bJ. B. Lippincott,c1974. a352 p. 0aAeronauticsxAccidentsy-1972.@0000156444